书目信息 |
| 题名: |
地下水数值模拟的多尺度有限单元法
|
|
| 作者: | 谢一凡 , 吴吉春 , 鲁春辉 , 谢春红 著 | |
| 分册: | ||
| 出版信息: | 南京 河海大学出版社 2021.12 |
|
| 页数: | 166页 | |
| 开本: | 24cm | |
| 丛书名: | ||
| 单 册: | ||
| 中图分类: | P641.2 | |
| 科图分类: | ||
| 主题词: | 地下水--di xia shui--数值模拟--研究 | |
| 电子资源: | ||
| ISBN: | 978-7-5630-7417-4 | |
| 000 | 01145nam0 2200277 450 | |
| 001 | 26604 | |
| 005 | 20220920134632.28 | |
| 010 | @a978-7-5630-7417-4@dCNY98.00 | |
| 100 | @a20220720d2021 em y0chiy50 ea | |
| 101 | 0 | @achi |
| 102 | @aCN@b320000 | |
| 105 | @aa a 000yy | |
| 200 | 1 | @a地下水数值模拟的多尺度有限单元法@Adi xia shui shu zhi mo ni de duo chi du you xian dan yuan fa@f谢一凡 ... [等] 著 |
| 210 | @a南京@c河海大学出版社@d2021.12 | |
| 215 | @a166页@c图@d24cm | |
| 304 | @a题名页题其余责任者: 吴吉春, 鲁春辉, 谢春红 | |
| 320 | @a有书目 (第152-166页) | |
| 330 | @a本书共分五章。主要介绍多尺度有限单元法的研究进展与基本原理 ; 模拟地下水流问题的新型多尺度有限单元法 ; 模拟地下水连续达西渗流速度的新型多尺度有限单元法、模拟地下水流和达西渗流速度综合问题的新型多尺度有限单元法、模拟地下水溶质运移问题的新型多尺度有限单元法。 | |
| 606 | 0 | @a地下水@Adi xia shui@x数值模拟@x研究 |
| 690 | @aP641.2@v5 | |
| 701 | 0 | @a谢一凡@Axie yi fan@4著 |
| 701 | 0 | @a吴吉春@Awu ji chun@4著 |
| 701 | 0 | @a鲁春辉@Alu chun hui@4著 |
| 701 | 0 | @a谢春红@Axie chun hong@4著 |
| 801 | 0 | @aCN@c20220910 |
| 905 | @a河南城建学院图书馆@dP641.2@eX480@f2 | |
| 地下水数值模拟的多尺度有限单元法/谢一凡 ... [等] 著.-南京:河海大学出版社,2021.12 |
| 166页:图;24cm |
| ISBN 978-7-5630-7417-4:CNY98.00 |
| 本书共分五章。主要介绍多尺度有限单元法的研究进展与基本原理 ; 模拟地下水流问题的新型多尺度有限单元法 ; 模拟地下水连续达西渗流速度的新型多尺度有限单元法、模拟地下水流和达西渗流速度综合问题的新型多尺度有限单元法、模拟地下水溶质运移问题的新型多尺度有限单元法。 |
| ● |
| 相关链接 |
|
|
|
正题名:地下水数值模拟的多尺度有限单元法
索取号:P641.2/X480
 
预约/预借
| 序号 | 登录号 | 条形码 | 馆藏地/架位号 | 状态 | 备注 |
| 1 | 1577869 | 215778692 | 自科库401/401自科库 133排1列1层/ [索取号:P641.2/X480] | 在馆 | |
| 2 | 1577870 | 215778709 | 期刊室512/401自科库 128排1列3层/ [索取号:P641.2/X480] | 在馆 |